000 00462nam a2200169Ia 4500
999 _c13750
_d13750
003 OSt
005 20201021101243.0
008 190216s9999||||xx |||||||||||||| ||und||
040 _coclc
082 _a891.433
_bPRE/G
100 _aPremchand
_95683
245 0 _aGodan /
_cPremchand
260 _bJaico Publishing House,
_c1991.
_aBombay:
300 _a288p
650 _aEnglish Novel
942 _cBK
_2ddc
_h891.433
_iPRE/G
_k891.433
_mPRE/G